00556nam a22001697a 450000500170000001000130001702000260003003500130005603700180006908200130008710000160010024500900011626000400020627000670024630000230031350000500033620140224160429.0 aB-514089 a9788122007930c595.00 aB-514089 bBSB/Ven.adpl a363.2092 aVohra, B.L. aTripura's Bravehearts :c by B.L.VohrabA police success story of counterinsurgency / b Konark publishersc2011aNew Delhi a206, First Floor, Peacock Lane, Shahpur jatbNew Delhie110049 axx,247p.c22cm(Hb) aIncludes bibliographical references and Index